1745 1269 1585 1927 1433 1430 1454 1499 1303 1271 1410 1223 1262 1364 1927 1030 1799 1811 1717 1279 1520 1203 1743 1645 1924 1532 1800 1896 1746 1810 1806 1343 1140 1988 1891 1006 1977 1385 1913 1766 1948 1170 1053 1809 1325 1471 1458 1735 1968 1455 1989 1269 1671 1686 1686 1420 1749 1379 1656 1600 1806 1111 1885 1862 1569 1711 1778 1524 1635 1032 1660 1953 1042 1210 1520 1679 1882 1590 1637 1618 1768 1764 1308 1995 1496 1263 1480 1564 1549 1219 1585 1395 1689 1232 1436 1531 1178 1751 1581 BCNSPRNW ULIB Ver.6.0+V

เปลี่ยนเป็นภาษาไทย

Change to English
 แสดงรายละเอียดบรรณานุกรม
  กลับหน้าหลัก

Brief Record : Get Marc (ISO 2709) : E-mail record : QR code < ปิดหน้าต่าง
LEADER : 00000nam 2200000uu 4500
001    13399111429
003     ULIB
008    110624s||||||||th 000 0 tha d
020    9786117115004
050  4 BQ4190^bศ722ป ล.3 2552
100 0  ศุภวรรณ พิพัฒพรรณวงศ์ กรีน
245 10 ปฏิบัติการไล่หนูออกจากบ้าน ;^nเล่ม 3 /^cศุภวรรณ พิพัฒพรรณวงศ์ กรีน ;[เรียบเรียงโดย ส้มซ่า]
250    พิมพ์ครั้งที่ 1
260    กรุงเทพฯ:^bฟรีมายด์,^c2552
300    149, [3] หน้า :^bภาพประกอบ ;^c21 ซม
440  0 ชุดการ์ตูนธรรมะ
650  7 สติปัฎฐานสี่
650  7 วิปัสสนา
945    ^p140^l0^i026444
995    ทศพร
999 ^a ใช้งานได้ทุกระบบ
รายการนี้ยังไม่มีแท็ก
คุณยังไม่ได้ล็อกอิน คุณสามารถมีกิจกรรมร่วมกับเว็บไซต์ได้ แต่ต้องล็อกอินก่อน ::
  ล็อกอิน

รายการสื่อสารสนเทศ

ลำดับที่ ประเภท เลขเรียก/บาร์โค้ด สถานที่ สถานะ
- ไม่พบข้อมูล -

รายการใกล้เคียง
    ผู้แต่ง [ศุภวรรณ พิพัฒพรรณวงศ์ กรีน]

    หัวเรื่อง [สติปัฎฐานสี่]
    หัวเรื่อง [วิปัสสนา]

BibComment


ยังไม่เคยถูกคอมเมนท์

คอมเมนท์ทรัพยากรรายการนี้
  คอมเมนท์: ปฏิบัติการไล่หนูอ..


 Copyright 2026. Bcnsprnw @Library